000 00789nam a2200229 i 4500
001 10217
003 ES-MaACL
005 20230906145836.0
008 950322s1993 sp a |||| |dspa d
020 _a84-7813-114-0
080 _a91.04(100)"16"
100 1 _aCubero Sebastián, Pedro.
_941934
245 1 0 _aPeregrinación del mundo del doctor D. Pedro Cubero Sebastián, misionero apostólico.
260 _aMadrid :
_bMiraguano :
_bPolifemo,
_cD.L. 1993.
300 _aIX, 436 p. :
_bil. ;
_c21 cm.
490 1 _aBiblioteca de viajeros hispánicos ;
_v10
504 _aBibliografía: p. VIII-IX.
650 1 4 _aViajes alrededor del mundo-
_yS.XVII.
_917782
830 0 _aBiblioteca de viajeros hispánicos ;
_v10
_9178653
852 _aES-MaACL
_jL-17657
999 _c10217
_d10217